[Event "Laval op"]
[Site "Laval CAN"]
[Date "2025.06.20"]
[Round "1.19"]
[White "Hebrard, Emmanuel"]
[Black "Page, Dany"]
[Result "1-0"]
[WhiteElo "2052"]
[BlackElo "1868"]
[WhiteFideId "-1"]
[WhiteFideId "-1"]
[PlyCount "71"]
[GameId "2191564251812569"]
[EventDate "2025.06.19"]
[EventType "swiss"]
[EventRounds "5"]
[EventCountry "CAN"]

1. f4 c5 2. Nf3 Nc6 3. e3 g6 4. d4 d5 5. c3 Qa5 6. Bd3 Bg7 7. O-O Nf6 8. Nbd2 c4 9. Bc2 Bg4 10. Qe1 Bxf3 11. Rxf3 e6 12. Qe2 O-O-O 13. e4 Rhe8 14. e5 Ng8 15. b3 b5 16. a4 b4 17. Bb2 Nxd4 18. cxd4 c3 19. Bxc3 bxc3 20. Nb1 Kb8 21. Nxc3 a6 22. b4 Qb6 23. Rd1 Bf8 24. a5 Qa7 25. Na4 Rc8 26. Nc5 Ka8 27. Ba4 Red8 28. Rb3 Rc7 29. Nxa6 Rc4 30. Bb5 Rdc8 31. Nc5 Rxb4 32. Rxb4 Rxc5 33. Ba6 Rxa5 34. Bb7+ Kb8 35. Qc2 Ne7 36. Bxd5+ 1-0

[Event "Laval op"]
[Site "Laval CAN"]
[Date "2025.06.20"]
[Round "1.20"]
[White "Dukkardt, Vladimir"]
[Black "Turcotte, Jonathan"]
[Result "0-1"]
[WhiteElo "1842"]
[BlackElo "2044"]
[WhiteFideId "-1"]
[WhiteFideId "-1"]
[PlyCount "60"]
[GameId "2191646041559777"]
[EventDate "2025.06.19"]
[EventType "swiss"]
[EventRounds "5"]
[EventCountry "CAN"]

1. e4 c6 2. d4 d5 3. e5 Bf5 4. h4 h5 5. Bd3 Bxd3 6. Qxd3 Qa5+ 7. b4 Qxb4+ 8. Nd2 e6 9. Rb1 Qe7 10. Ne2 Qc7 11. c4 Ne7 12. Ba3 Nf5 13. cxd5 cxd5 14. Qb5+ Nd7 15. Bxf8 Kxf8 16. Rh3 Nb6 17. Rc3 Qe7 18. g3 g5 19. Rbc1 gxh4 20. Rc7 Qg5 21. Nf3 Qg4 22. Nxh4 Nxh4 23. gxh4 Qxh4 24. Qb4+ Kg7 25. Ng3 Rac8 26. Qd6 Qg5 27. Qxe6 Qxc1+ 28. Ke2 Rxc7 29. Qf6+ Kg8 30. Nf5 Rc2+ 0-1

[Event "Laval op"]
[Site "Laval CAN"]
[Date "2025.06.20"]
[Round "1.21"]
[White "Nassif, Aba"]
[Black "Qi, Jason"]
[Result "0-1"]
[WhiteElo "2043"]
[BlackElo "1718"]
[WhiteFideId "-1"]
[WhiteFideId "-1"]
[PlyCount "84"]
[GameId "2191647517487849"]
[EventDate "2025.06.19"]
[EventType "swiss"]
[EventRounds "5"]
[EventCountry "CAN"]

1. d4 d5 2. Nc3 Nf6 3. Bf4 c5 4. e3 cxd4 5. exd4 a6 6. h3 Bf5 7. Nf3 Nc6 8. Ne5 Qb6 9. Nxc6 Qxc6 10. g4 Bg6 11. Bg2 e6 12. O-O Be7 13. Rc1 h6 14. Re1 O-O 15. Nxd5 Nxd5 16. c4 Nxf4 17. Bxc6 bxc6 18. Re3 Bg5 19. Rcc3 Rfd8 20. h4 Bxh4 21. Qf3 Rxd4 22. Qxc6 Rad8 23. Qf3 h5 24. Re1 hxg4 25. Qb7 Rd2 26. Rg3 Bxg3 27. fxg3 Nh3+ 28. Kh1 Nf2+ 29. Kg1 Nh3+ 30. Kh1 Rf2 31. Rg1 Rdd2 32. Rg2 Rxg2 33. Qxg2 Rxg2 34. Kxg2 Kf8 35. b4 Be4+ 36. Kh2 Ke7 37. a4 Kd6 38. c5+ Kc6 39. b5+ axb5 40. a5 Kxc5 41. a6 Ng5 42. a7 b4 0-1

[Event "Laval op"]
[Site "Laval CAN"]
[Date "2025.06.20"]
[Round "1.22"]
[White "Han, Ruochong"]
[Black "Iordanescu, Victor Nicolae"]
[Result "0-1"]
[WhiteElo "1661"]
[BlackElo "2041"]
[WhiteFideId "-1"]
[WhiteFideId "-1"]
[PlyCount "59"]
[GameId "2191666560762719"]
[EventDate "2025.06.19"]
[EventType "swiss"]
[EventRounds "5"]
[EventCountry "CAN"]

1. d4 Nf6 2. Bf4 d5 3. Nf3 e6 4. e3 c5 5. c3 Nc6 6. Nbd2 Bd6 7. Bg3 O-O 8. dxc5 Bxc5 9. Bd3 Re8 10. Nb3 Bd6 11. Bxd6 Qxd6 12. Qc2 e5 13. Bf5 e4 14. Nfd4 Ne5 15. O-O Neg4 16. g3 Bxf5 17. Nxf5 Qe5 18. Nbd4 g6 19. h3 gxf5 20. hxg4 fxg4 21. Kg2 h5 22. Qb3 b6 23. Rh1 Kg7 24. Rad1 Rg8 25. Ne2 Rh8 26. Nf4 Rad8 27. Qb5 h4 28. gxh4 Qf5 29. c4 Nh5 30. Rxd5 0-1

[Event "Laval op"]
[Site "Laval CAN"]
[Date "2025.06.20"]
[Round "1.23"]
[White "Beaupre, Eugene jr"]
[Black "Chang-Solomon, Donnell"]
[Result "1-0"]
[WhiteElo "2040"]
[BlackElo "1289"]
[WhiteFideId "-1"]
[WhiteFideId "-1"]
[PlyCount "69"]
[GameId "2191668725957579"]
[EventDate "2025.06.19"]
[EventType "swiss"]
[EventRounds "5"]
[EventCountry "CAN"]

1. e4 d5 2. exd5 Nf6 3. Bb5+ Bd7 4. Bc4 b5 5. Bb3 a5 6. a3 Bg4 7. f3 Bf5 8. Nc3 Qd7 9. Nge2 e6 10. dxe6 Bxe6 11. Bxe6 fxe6 12. d4 c5 13. O-O Na6 14. Kh1 Rd8 15. Be3 Be7 16. Ne4 Nd5 17. Bf2 O-O 18. dxc5 Qc8 19. Nd6 Bxd6 20. cxd6 Rxd6 21. Nc3 Qc6 22. Nxd5 Rxd5 23. Qe2 Rg5 24. Rae1 Rf6 25. Bh4 Rgg6 26. Bxf6 Rxf6 27. Qe4 Qe8 28. b4 axb4 29. axb4 Qb8 30. Ra1 Nc7 31. Rfd1 Qb6 32. Rd8+ Kf7 33. Rad1 Nd5 34. R1xd5 exd5 35. Qe8# 1-0

[Event "Laval op"]
[Site "Laval CAN"]
[Date "2025.06.20"]
[Round "2.1"]
[White "Saine, Zachary"]
[Black "Rodrigue-Lemieux, Shawn"]
[Result "0-1"]
[Annotator "hugh_"]
[WhiteElo "2011"]
[BlackElo "2514"]
[WhiteFideId "-1"]
[WhiteFideId "-1"]
[PlyCount "126"]
[GameId "2190925748248576"]
[EventDate "2025.06.19"]
[EventType "swiss"]
[EventRounds "5"]
[EventCountry "CAN"]

{[%evp 0,73,30,22,18,-23,16,7,1,10,12,5,47,-47,-35,-38,-33,-59,-33,-37,-33,-99,-15,-11,-21,-23,-8,-10,46,39,22,8,20,-20,-30,-29,-16,-25,-23,7,-12,-1,-1,-9,14,0,5,-66,-141,-47,-261,-147,-30,-80,-25,-40,-26,-73,-63,-72,-65,-51,-140,-50,-40,-85,-40,-69,-49,-33,-29,-129,-125,-96,-114,-114]} 1. e4 c5 2. Nf3 e6 3. g3 Nc6 4. d4 cxd4 5. Nxd4 d5 6. exd5 Qxd5 7. Nxc6 Qxc6 8. Rg1 Nf6 9. Bg2 Qb6 10. Be3 Bc5 11. Bxc5 Qxc5 12. Nc3 O-O 13. Qd2 e5 14. O-O-O Bg4 15. Rde1 Rfe8 16. Ne4 Nxe4 17. Bxe4 Rad8 18. Qe3 Qa5 19. a3 b5 20. f3 Be6 21. Bc6 Re7 22. Rd1 Rc8 23. Bd5 b4 24. Bxe6 Rxe6 25. Rd3 h6 26. Kb1 Qc7 27. Rc1 a5 28. Rb3 bxa3 29. Rxa3 Rc6 30. Qd2 Rc5 31. Rd3 a4 32. Rd7 Qb6 33. Rd6 Qb8 34. Rd1 a3 35. Rd8+ Kh7 36. Qd3+ e4 37. Qxa3 Rxd8 38. Rxd8 Qxd8 39. Qxc5 Qd1+ 40. Ka2 Qxf3 41. Qd5 f5 42. c4 Qf2 43. c5 e3 44. c6 e2 45. c7 Qa7+ 46. Kb3 Qb6+ 47. Ka2 Qxc7 48. Qxf5+ g6 49. Qe6 Qa7+ 50. Kb3 Qf2 51. Qe7+ Kg8 52. Qe8+ Kg7 53. Qe5+ Kf7 54. Qc7+ Ke6 55. Qc8+ Ke5 56. Qe8+ Kd4 57. Qh8+ Ke4 58. Qe8+ Kd4 59. Qh8+ Ke3 60. Qc3+ Ke4 61. Qc6+ Kf5 62. Qd5+ Kf6 63. Qd8+ Kg7 0-1

[Event "Laval op"]
[Site "Laval CAN"]
[Date "2025.06.21"]
[Round "2.2"]
[White "Chiku-Ratte, Olivier-Kenta"]
[Black "Mok, Yuen Tak"]
[Result "1-0"]
[WhiteElo "2303"]
[BlackElo "1934"]
[WhiteFideId "-1"]
[WhiteFideId "-1"]
[PlyCount "35"]
[GameId "2191178278952960"]
[EventDate "2025.06.19"]
[EventType "swiss"]
[EventRounds "5"]
[EventCountry "CAN"]
[TimeControl "90+30"]

1. d4 d5 2. c4 e6 3. Nf3 c6 4. Nbd2 f5 5. g3 Nd7 6. Bg2 Bd6 7. b3 Ngf6 8. Bb2 Ne4 9. Qc1 Qe7 10. O-O Qf6 11. Ne1 O-O 12. Nd3 g5 13. Nf3 h5 14. Nfe5 g4 15. f3 gxf3 16. exf3 Ng5 17. Qf4 Qh6 {[%emt 0:00:00]} 18. Bc1 {[%emt 0:00:00]} 1-0

[Event "Laval op"]
[Site "Laval CAN"]
[Date "2025.06.21"]
[Round "2.3"]
[White "Pomerantz, Daniel"]
[Black "Zheng, Richard"]
[Result "0-1"]
[WhiteElo "1941"]
[BlackElo "2302"]
[WhiteFideId "-1"]
[WhiteFideId "-1"]
[PlyCount "58"]
[GameId "2191178278961152"]
[EventDate "2025.06.19"]
[EventType "swiss"]
[EventRounds "5"]
[EventCountry "CAN"]
[TimeControl "90+30"]

1. e4 c6 2. d4 d5 3. Nd2 dxe4 4. Nxe4 Nf6 5. Nxf6+ exf6 6. c3 Bd6 7. Bd3 O-O 8. Qc2 Re8+ 9. Ne2 h5 10. Be3 Nd7 11. c4 Nf8 12. O-O-O Be6 13. Kb1 Qa5 14. a3 Rac8 15. Nc3 b5 16. c5 Bb8 17. Be4 b4 18. axb4 Qxb4 19. d5 cxd5 20. Bxd5 Be5 21. Bxe6 Nxe6 22. Nd5 Qa5 23. Qd2 Qa4 24. Nc3 Qb4 25. Rc1 Nxc5 26. Bxc5 Rxc5 27. Rhe1 Rec8 28. Ne4 Rxc1+ 29. Rxc1 {[%emt 0:00:00]} Qxe4+ {[%emt 0:00:00]} 0-1

[Event "Laval op"]
[Site "Laval CAN"]
[Date "2025.06.21"]
[Round "2.4"]
[White "Dukic, Zachary"]
[Black "Hebrard, Emmanuel"]
[Result "1-0"]
[WhiteElo "2191"]
[BlackElo "1879"]
[WhiteFideId "-1"]
[WhiteFideId "-1"]
[PlyCount "67"]
[GameId "2191178278969344"]
[EventDate "2025.06.19"]
[EventType "swiss"]
[EventRounds "5"]
[EventCountry "CAN"]
[TimeControl "90+30"]

1. Nf3 Nf6 2. g3 d5 3. Bg2 e6 4. O-O Be7 5. d3 O-O 6. Nbd2 c5 7. e4 Nc6 8. Re1 Rb8 9. e5 Nd7 10. Nf1 b5 11. h4 Qc7 12. Bf4 Rd8 13. h5 h6 14. Qd2 Nb6 15. g4 b4 16. g5 hxg5 17. Nxg5 Bf8 18. Nf3 Na4 19. b3 Nc3 20. h6 g6 21. Bg5 Be7 22. N1h2 Bxg5 23. Qxg5 Qe7 24. Qf4 Ba6 25. Ng4 Rbc8 26. a3 bxa3 27. Rxa3 Nb4 28. Bf1 Rc6 29. Rea1 Rb8 30. Ng5 Rb7 31. h7+ Kh8 32. Nh6 f5 33. exf6 Qc7 {[%emt 0:06:07]} 34. Qf3 {[%emt 0:02:51]} 1-0

[Event "Laval op"]
[Site "Laval CAN"]
[Date "2025.06.21"]
[Round "2.5"]
[White "Batorshyn, Ilia"]
[Black "Turcotte, Jonathan"]
[Result "1/2-1/2"]
[WhiteElo "2183"]
[BlackElo "1930"]
[WhiteFideId "-1"]
[WhiteFideId "-1"]
[PlyCount "85"]
[GameId "2191178278989824"]
[EventDate "2025.06.19"]
[EventType "swiss"]
[EventRounds "5"]
[EventCountry "CAN"]
[TimeControl "90+30"]

1. d4 d5 2. c4 c6 3. cxd5 cxd5 4. Nf3 Nc6 5. Nc3 Nf6 6. Bf4 Bf5 7. Qb3 Na5 8. Qa4+ Bd7 9. Qc2 Rc8 10. e3 e6 11. Bd3 Bb4 12. O-O Nc4 13. Rfc1 O-O 14. Ne5 Bxc3 15. bxc3 Bb5 16. a4 Nxe5 17. axb5 Nxd3 18. Qxd3 Qb6 19. Bg5 Ne4 20. Be7 Rfe8 21. Bb4 Rc4 22. f3 Nf6 23. Bc5 Qxb5 24. Rcb1 Qc6 25. Rxa7 b5 26. Ra5 Rb8 27. Rb3 Nd7 28. Ba3 f5 29. Qd2 Ra4 30. Rxa4 bxa4 31. Rxb8+ Nxb8 32. Qb2 Nd7 33. Qb4 h6 34. h4 Kh7 35. Kf2 Nb6 36. Qc5 Qb7 37. Qb5 Qc7 38. Bc5 Nd7 39. Bb4 Nf6 40. Qxa4 Nh5 41. Kf1 Qh2 42. Be7 Ng3+ {[%emt 0:00:00]} 43. Kf2 {[%emt 0:19:40]} 1/2-1/2

[Event "Laval op"]
[Site "Laval CAN"]
[Date "2025.06.21"]
[Round "2.6"]
[White "Iordanescu, Victor Nicolae"]
[Black "Guillemette, Hugo"]
[Result "0-1"]
[WhiteElo "2041"]
[BlackElo "2312"]
[WhiteFideId "-1"]
[WhiteFideId "-1"]
[PlyCount "78"]
[GameId "2193771388348342"]
[EventDate "2025.06.19"]
[EventType "swiss"]
[EventRounds "5"]
[EventCountry "CAN"]

1. Nf3 c5 2. c4 Nf6 3. Nc3 e6 4. g3 b6 5. Bg2 Bb7 6. O-O Be7 7. b3 a6 8. d4 cxd4 9. Qxd4 d6 10. Bb2 Nbd7 11. e4 Qc7 12. Rac1 O-O 13. h4 Rfe8 14. Rfe1 Bf8 15. Nh2 Rac8 16. Nf1 Ne5 17. Ne3 Ba8 18. Qd1 Qb8 19. a4 Ned7 20. Nc2 Nc5 21. Nb4 Nfd7 22. Nd3 Nxd3 23. Qxd3 Ne5 24. Qd2 Bb7 25. Rcd1 Red8 26. h5 h6 27. Qe2 Nd7 28. Qc2 Nc5 29. Re2 Qa8 30. f4 Nd7 31. Qd2 Nf6 32. Bf3 b5 33. axb5 axb5 34. cxb5 d5 35. exd5 Nxd5 36. Nxd5 Bxd5 37. Ra1 Qb7 38. Bxd5 Rxd5 39. Qe1 Rxh5 0-1

[Event "Laval op"]
[Site "Laval CAN"]
[Date "2025.06.21"]
[Round "2.7"]
[White "Nassar, Marc"]
[Black "Beaupre, Eugene jr"]
[Result "1-0"]
[WhiteElo "2187"]
[BlackElo "2040"]
[WhiteFideId "-1"]
[WhiteFideId "-1"]
[PlyCount "71"]
[GameId "2191881312669854"]
[EventDate "2025.06.19"]
[EventType "swiss"]
[EventRounds "5"]
[EventCountry "CAN"]

1. e4 e5 2. f4 exf4 3. Nf3 d6 4. Bc4 h6 5. h4 Nf6 6. Nc3 Nc6 7. d4 Nh5 8. Nd5 Ng3 9. Rh2 Ne7 10. Nxf4 Nxe4 11. Qe2 d5 12. Nxd5 Nxd5 13. Qxe4+ Be6 14. Bd2 Bd6 15. Ne5 Nf6 16. Qe2 Qe7 17. O-O-O Bg4 18. Nxg4 Qxe2 19. Bxe2 Nxg4 20. Rh3 h5 21. Rf1 f6 22. Bd3 Kf7 23. c4 c6 24. c5 Bc7 25. Bc4+ Kf8 26. Rb3 b5 27. cxb6 axb6 28. Re1 c5 29. dxc5 bxc5 30. Rb7 Be5 31. Rf7+ Ke8 32. Rxg7 Kd8 33. Bb3 Ra6 34. Kc2 Rd6 35. Ra7 Re8 36. Ba5+ 1-0

[Event "Laval op"]
[Site "Laval CAN"]
[Date "2025.06.21"]
[Round "2.8"]
[White "Duval, Mathieu"]
[Black "St-Germain, Jack"]
[Result "0-1"]
[WhiteElo "2032"]
[BlackElo "2149"]
[WhiteFideId "-1"]
[WhiteFideId "-1"]
[PlyCount "82"]
[GameId "2191882861904038"]
[EventDate "2025.06.19"]
[EventType "swiss"]
[EventRounds "5"]
[EventCountry "CAN"]

1. d4 Nf6 2. c4 e6 3. Nc3 Bb4 4. e3 b6 5. Bd3 Bb7 6. Nf3 O-O 7. O-O c5 8. Bd2 cxd4 9. exd4 h6 10. Re1 d5 11. a3 dxc4 12. Bxc4 Be7 13. Be3 Nc6 14. Ba2 Re8 15. Qd3 Bd6 16. Rad1 Ne7 17. Bc1 Ned5 18. Ne5 Nxc3 19. bxc3 Qc7 20. c4 Bxe5 21. Rxe5 Ba6 22. Qg3 Kh8 23. Qh4 Ng8 24. c5 bxc5 25. Rxc5 Qd7 26. Qh5 Nf6 27. Qf3 Bb7 28. Qc3 Ne4 29. Rc8 Raxc8 30. Qd3 Nc3 31. Bb1 f5 32. Re1 Be4 33. Qh3 Ne2+ 34. Kf1 Qb5 35. Bxe4 Nf4+ 36. Bd3 Qxd3+ 37. Qxd3 Nxd3 38. Re3 Rxc1+ 39. Ke2 Nf4+ 40. Kf3 Nd5 41. Rxe6 Rc3+ 0-1

[Event "Laval op"]
[Site "Laval CAN"]
[Date "2025.06.21"]
[Round "2.10"]
[White "Bain-Thouverez, Aurelien"]
[Black "Jiang, Barron Jiyu"]
[Result "0-1"]
[WhiteElo "1938"]
[BlackElo "2137"]
[WhiteFideId "-1"]
[WhiteFideId "-1"]
[PlyCount "80"]
[GameId "2191891731304630"]
[EventDate "2025.06.19"]
[EventType "swiss"]
[EventRounds "5"]
[EventCountry "CAN"]

1. Nf3 Nf6 2. g3 c5 3. Bg2 g6 4. O-O Bg7 5. c4 O-O 6. Nc3 Nc6 7. d4 cxd4 8. Nxd4 Qb6 9. Nb3 Qb4 10. c5 Na5 11. Qd4 Qxd4 12. Nxd4 Ne4 13. Bxe4 Bxd4 14. Nd5 Nc6 15. Bh6 Rd8 16. Rab1 f5 17. Bd3 Bxc5 18. b4 Bd6 19. Bc4 e6 20. Bg5 Rf8 21. Rfd1 Kg7 22. Nf6 Be7 23. Nxd7 Bxg5 24. Nxf8 Kxf8 25. f4 Be7 26. a3 Kf7 27. Kf2 Kf6 28. g4 fxg4 29. e4 e5 30. b5 Bc5+ 31. Kg2 Nd4 32. Bd5 exf4 33. Rbc1 f3+ 34. Kf1 Bxa3 35. Rc3 Bb2 36. Rc7 Ne6 37. Rxh7 Ng5 38. Rh8 g3 39. e5+ Bxe5 40. Bxf3 Bh3+ 0-1

[Event "Laval op"]
[Site "Laval CAN"]
[Date "2025.06.21"]
[Round "2.11"]
[White "Qi, Jason"]
[Black "Duong, Thanh Nha"]
[Result "0-1"]
[WhiteElo "1718"]
[BlackElo "2335"]
[WhiteFideId "-1"]
[WhiteFideId "-1"]
[PlyCount "40"]
[GameId "2191893126021310"]
[EventDate "2025.06.19"]
[EventType "swiss"]
[EventRounds "5"]
[EventCountry "CAN"]

1. e4 e5 2. Nf3 Nf6 3. Nxe5 d6 4. Nc4 Nxe4 5. d4 d5 6. Ne3 c6 7. Be2 Bd6 8. Nd2 O-O 9. O-O Nd7 10. c4 Ndf6 11. Qc2 Re8 12. Nf3 h6 13. h3 Bd7 14. a3 a5 15. b3 Bb8 16. Rd1 Qe7 17. Bb2 Nxf2 18. Ne5 Nxd1 19. Rxd1 c5 20. cxd5 cxd4 0-1

[Event "Laval op"]
[Site "Laval CAN"]
[Date "2025.06.21"]
[Round "2.12"]
[White "Berube, Antoine"]
[Black "Zhu, Hong Rui"]
[Result "1-0"]
[WhiteElo "2172"]
[BlackElo "2329"]
[WhiteFideId "-1"]
[WhiteFideId "-1"]
[PlyCount "87"]
[GameId "2191894466715846"]
[EventDate "2025.06.19"]
[EventType "swiss"]
[EventRounds "5"]
[EventCountry "CAN"]

1. d4 d5 2. c4 e6 3. Nf3 c6 4. e3 Bd6 5. Bd3 f5 6. O-O Nf6 7. b3 Qe7 8. Bb2 O-O 9. Nc3 Bd7 10. Ne2 a5 11. a3 Be8 12. Nf4 Nfd7 13. Be2 Kh8 14. c5 Bc7 15. b4 e5 16. dxe5 Nxe5 17. Bxe5 Bxe5 18. Nxe5 Qxe5 19. Qd4 Nd7 20. Nd3 Qxd4 21. exd4 f4 22. Bg4 Nf6 23. f3 g5 24. Ne5 Kg7 25. Bf5 Ng8 26. Bd3 Ne7 27. Rfb1 Bg6 28. bxa5 Rfb8 29. Bxg6 Nxg6 30. Nd7 Re8 31. Rxb7 Re7 32. Rab1 Rxa5 33. Ne5 Rxa3 34. Nxc6 Rxb7 35. Rxb7+ Kf6 36. Rxh7 Ra1+ 37. Kf2 Ra2+ 38. Kf1 Ra1+ 39. Ke2 Ra2+ 40. Kd3 Rxg2 41. Nb4 Ne7 42. c6 g4 43. c7 gxf3 44. Rxe7 1-0

[Event "Laval op"]
[Site "Laval CAN"]
[Date "2025.06.21"]
[Round "2.13"]
[White "Di Matteo, Alessio"]
[Black "Kraiouchkine, Nikita"]
[Result "0-1"]
[WhiteElo "1996"]
[BlackElo "2285"]
[WhiteFideId "-1"]
[WhiteFideId "-1"]
[PlyCount "94"]
[GameId "2191901314003855"]
[EventDate "2025.06.19"]
[EventType "swiss"]
[EventRounds "5"]
[EventCountry "CAN"]

1. d4 d5 2. c4 c6 3. Nf3 Nf6 4. Nc3 dxc4 5. g3 e6 6. Bg2 Nbd7 7. O-O b5 8. e4 b4 9. e5 Nd5 10. Ne4 h6 11. Qe2 a5 12. Rd1 Ba6 13. Qc2 Be7 14. Bf1 O-O 15. Bxc4 Bxc4 16. Qxc4 Qb6 17. b3 a4 18. Bb2 a3 19. Bc1 Rac8 20. Be3 f5 21. exf6 Bxf6 22. Nc5 Nxc5 23. dxc5 Qc7 24. Nd4 Qf7 25. Rf1 Bxd4 26. Bxd4 Qg6 27. Rae1 Rf5 28. Re5 Rxe5 29. Bxe5 Qf5 30. Re1 Rf8 31. Qe2 Kh7 32. Bd4 Nc7 33. Qe5 Qxe5 34. Bxe5 Nb5 35. Re4 Rd8 36. Rxb4 Rd2 37. Ra4 Rxa2 38. Ra6 Re2 39. f4 a2 40. g4 g5 41. Kf1 Rc2 42. b4 gxf4 43. h4 h5 44. g5 f3 45. Ra8 Kg6 46. Bf6 Kf5 47. Ra6 e5 0-1

[Event "Laval op"]
[Site "Laval CAN"]
[Date "2025.06.21"]
[Round "2.14"]
[White "Masse, Hugues"]
[Black "Dufresne, Christophe"]
[Result "1-0"]
[WhiteElo "2259"]
[BlackElo "1911"]
[WhiteFideId "-1"]
[WhiteFideId "-1"]
[PlyCount "93"]
[GameId "2191931378127770"]
[EventDate "2025.06.19"]
[EventType "swiss"]
[EventRounds "5"]
[EventCountry "CAN"]

1. d4 d5 2. Nf3 Nf6 3. Bf4 c5 4. e3 Nc6 5. Nbd2 Qb6 6. dxc5 Qxb2 7. Rb1 Qc3 8. Bb5 g6 9. e4 dxe4 10. Be5 Qa5 11. O-O exf3 12. Bxc6+ bxc6 13. Qxf3 Nd5 14. Bxh8 Qxd2 15. c4 f6 16. Rfd1 Qc3 17. cxd5 Qxf3 18. gxf3 Bf5 19. Rb7 O-O-O 20. Rxa7 cxd5 21. Ra8+ Kc7 22. Rxd8 Kxd8 23. Rxd5+ Kc7 24. a4 Bd7 25. Rd4 h5 26. Kf1 Bh6 27. Ke2 Bc1 28. Re4 Kd8 29. c6 Bf5 30. c7+ Kc8 31. Rxe7 Bf4 32. Bxf6 Bxc7 33. Be5 Bd8 34. Ra7 Bb6 35. Rg7 Ba5 36. Bg3 Bb6 37. Kd2 Ba5+ 38. Ke3 Kd8 39. Kd4 Bc2 40. Kc4 Bd2 41. Bc7+ Kc8 42. a5 Bd1 43. Bb6 g5 44. a6 Be2+ 45. Kc5 Bxa6 46. Kc6 Bc4 47. Re7 1-0

[Event "Laval op"]
[Site "Laval CAN"]
[Date "2025.06.21"]
[Round "2.15"]
[White "Zhang, Chu Hang"]
[Black "Jean, Lucas"]
[Result "1-0"]
[WhiteElo "2228"]
[BlackElo "1756"]
[WhiteFideId "-1"]
[WhiteFideId "-1"]
[PlyCount "45"]
[GameId "2191933935637410"]
[EventDate "2025.06.19"]
[EventType "swiss"]
[EventRounds "5"]
[EventCountry "CAN"]

1. e4 e6 2. d3 d5 3. Nd2 Nf6 4. g3 dxe4 5. dxe4 b6 6. Bg2 Bb7 7. Ne2 Bc5 8. Nf4 Nbd7 9. O-O Ne5 10. Qe2 a5 11. h3 Ba6 12. c4 Qd4 13. Rb1 Nxc4 14. Nb3 Qd8 15. Nxc5 bxc5 16. Rd1 Qe7 17. e5 Nd5 18. Bxd5 exd5 19. Nxd5 Nb6 20. Qg4 Nxd5 21. Rxd5 Bb7 22. Bg5 Bc8 23. Qf4 1-0

[Event "Laval op"]
[Site "Laval CAN"]
[Date "2025.06.21"]
[Round "2.16"]
[White "Genzling, Jerome"]
[Black "Ali, Nehad"]
[Result "1/2-1/2"]
[WhiteElo "2182"]
[BlackElo "1968"]
[WhiteFideId "-1"]
[WhiteFideId "-1"]
[PlyCount "192"]
[GameId "2191950552265642"]
[EventDate "2025.06.19"]
[EventType "swiss"]
[EventRounds "5"]
[EventCountry "CAN"]

1. e4 e6 2. d4 d5 3. e5 c5 4. c3 Nc6 5. Nf3 Bd7 6. a3 c4 7. Nbd2 b5 8. b3 Nge7 9. a4 a6 10. Ba3 Ng6 11. h4 Bxa3 12. Rxa3 h6 13. h5 Nge7 14. Qa1 O-O 15. Be2 Na5 16. axb5 axb5 17. b4 Nac6 18. O-O Rxa3 19. Qxa3 Qb6 20. Ra1 Bc8 21. Nf1 Bb7 22. Qc1 Ra8 23. Rxa8+ Bxa8 24. Qa1 Bb7 25. Ne3 Qa6 26. Qxa6 Bxa6 27. Nh4 Nc8 28. Kf1 Nb6 29. Ke1 Bc8 30. f4 Ne7 31. g4 g6 32. g5 Kg7 33. Ng4 Ng8 34. hxg6 fxg6 35. Bd1 h5 36. Nf6 Ne7 37. Bc2 Kf7 38. Kd2 Nf5 39. Bxf5 exf5 40. Kc2 Be6 41. Ng2 Na8 42. Kd2 Nb6 43. Ne3 Ke7 44. Ke2 Bf7 45. Kd1 Be6 46. Kd2 Bf7 47. Nc2 Na8 48. Ke2 Nc7 49. Kf2 Ke6 50. Ne3 Ke7 51. Kg2 Ke6 52. Kf3 Ke7 53. Ng2 Na8 54. Ke3 Nb6 55. Kd2 Na8 56. Nh4 Ke6 57. Nh7 Ke7 58. Ke3 Nc7 59. Kf3 Ne6 60. Nf6 Nc7 61. Nh7 Na8 62. e6 Kxe6 63. Nf8+ Ke7 64. Nfxg6+ Bxg6 65. Nxg6+ Kf7 66. Ne5+ Ke6 67. Kg3 Nb6 68. Kh4 Na4 69. Kxh5 Nxc3 70. g6 Ne4 71. g7 Nf6+ 72. Kg6 c3 73. Nd3 c2 74. Nc5+ Ke7 75. Nb3 Ke6 76. Nc1 Ng8 77. Nd3 Nf6 78. Kh6 Kf7 79. Kg5 Kxg7 80. Kxf5 Kf7 81. Ke5 Kg6 82. Nc1 Kf7 83. Kd6 Nh5 84. Kxd5 Nxf4+ 85. Kc6 Ke6 86. Kc5 Kf5 87. Kxb5 Ke4 88. Kc4 Nd5 89. b5 Nb6+ 90. Kc5 Na4+ 91. Kb4 Nb2 92. Kb3 Kxd4 93. b6 Nc4 94. Ne2+ Kc5 95. b7 Na5+ 96. Kxc2 Nxb7 1/2-1/2

[Event "Laval op"]
[Site "Laval CAN"]
[Date "2025.06.21"]
[Round "2.17"]
[White "Vaillant, Charles-Etienne"]
[Black "Nassif, Aba"]
[Result "0-1"]
[WhiteElo "1899"]
[BlackElo "2043"]
[WhiteFideId "-1"]
[WhiteFideId "-1"]
[PlyCount "82"]
[GameId "2191955158885301"]
[EventDate "2025.06.19"]
[EventType "swiss"]
[EventRounds "5"]
[EventCountry "CAN"]

1. c4 c5 2. Nf3 Nc6 3. e3 e5 4. Nc3 g6 5. d4 cxd4 6. exd4 Bg7 7. d5 Nd4 8. Nxd4 exd4 9. Nb5 d6 10. Nxd4 Ne7 11. Be2 h5 12. O-O Qb6 13. Nb5 Nf5 14. Qe1 Kf8 15. Bd2 Qd8 16. Bc3 Qg5 17. Bxg7+ Kxg7 18. Qc3+ Kh7 19. Rfe1 a6 20. Nd4 Nh4 21. Qg3 Qf6 22. Qd3 Re8 23. Bf1 Bd7 24. b3 Re5 25. g3 Rae8 26. Rxe5 dxe5 27. gxh4 exd4 28. Rd1 Qxh4 29. Qg3 Qf6 30. Bd3 h4 31. Qg2 Re5 32. Kh1 Rg5 33. Qe4 Rg4 34. Qe2 Rf4 35. f3 Rxf3 36. Be4 Rf2 37. Qh5+ Kg7 38. Rg1 Qf4 39. Rxg6+ fxg6 40. Qxg6+ Kf8 41. Bg2 Qc1+ 0-1

[Event "Laval op"]
[Site "Laval CAN"]
[Date "2025.06.21"]
[Round "2.18"]
[White "Pitre, Lucas"]
[Black "Zhang, Yitian"]
[Result "1/2-1/2"]
[WhiteElo "2031"]
[BlackElo "1892"]
[WhiteFideId "-1"]
[WhiteFideId "-1"]
[PlyCount "105"]
[GameId "2191961957319613"]
[EventDate "2025.06.19"]
[EventType "swiss"]
[EventRounds "5"]
[EventCountry "CAN"]

1. Nf3 d5 2. g3 Nf6 3. Bg2 Bf5 4. c4 e6 5. Qb3 Qc8 6. d3 c6 7. O-O Bd6 8. Nc3 O-O 9. Bg5 Nbd7 10. cxd5 exd5 11. Nd4 Bg6 12. Rac1 Qb8 13. e4 dxe4 14. dxe4 h6 15. Bh4 Re8 16. Nf5 Bxf5 17. exf5 Bf8 18. Rfe1 Qc7 19. h3 Rxe1+ 20. Rxe1 Re8 21. Rxe8 Nxe8 22. Ne4 Nd6 23. Nxd6 Bxd6 24. Qe3 Nb6 25. b3 Qd7 26. g4 f6 27. a4 Qe7 28. Qxe7 Bxe7 29. Bg3 Nc8 30. Kf1 Bd6 31. Bxd6 Nxd6 32. Ke2 Kf7 33. Kd3 Ke7 34. a5 Kd7 35. Bf3 Nb5 36. Bg2 Kd6 37. b4 Nc7 38. Kd4 Nb5+ 39. Kd3 b6 40. axb6 axb6 41. Kc4 Na7 42. Kd4 Nc8 43. f4 Na7 44. Bf3 c5+ 45. bxc5+ bxc5+ 46. Kc4 Nc8 47. Kb5 Ne7 48. Kc4 Nc6 49. Be4 Nd4 50. Bd3 Nc6 51. Be4 Nd4 52. Bd3 Nc6 53. Be4 1/2-1/2

[Event "Laval op"]
[Site "Laval CAN"]
[Date "2025.06.21"]
[Round "2.19"]
[White "Dube, Daniel"]
[Black "Robichaud, Louis"]
[Result "1/2-1/2"]
[WhiteElo "1896"]
[BlackElo "2022"]
[WhiteFideId "-1"]
[WhiteFideId "-1"]
[PlyCount "80"]
[GameId "2191976181945285"]
[EventDate "2025.06.19"]
[EventType "swiss"]
[EventRounds "5"]
[EventCountry "CAN"]

1. e4 e5 2. Nf3 Nc6 3. Bb5 Nf6 4. O-O Nxe4 5. Re1 Nd6 6. Nxe5 Nxe5 7. Rxe5+ Be7 8. Bf1 O-O 9. d4 Bf6 10. Re1 Nf5 11. d5 d6 12. Nd2 g6 13. Ne4 Bg7 14. Bg5 f6 15. Bd2 Nh6 16. h3 Nf7 17. c4 f5 18. Nc3 Ne5 19. f4 Nd7 20. Be3 Nf6 21. Bd4 c5 22. Bf2 Ne4 23. Nxe4 fxe4 24. Qd2 Qf6 25. Rxe4 Qxb2 26. Qxb2 Bxb2 27. Rd1 Bf5 28. Re7 Bf6 29. Rxb7 Rfb8 30. Rxb8+ Rxb8 31. Bd3 Bxd3 32. Rxd3 Rb1+ 33. Kh2 Rb4 34. Ra3 Rxc4 35. Rxa7 Bd4 36. Bg3 Rc1 37. Rd7 Bg1+ 38. Kh1 Bd4+ 39. Kh2 Bg1+ 40. Kh1 Bd4+ 1/2-1/2